000 00217nam a22000857a 4500
008 161219b xxu||||| |||| 00| 0 eng d
100 _92127
_aKanevskaya E
245 _aTake it Easy , Leopard I
260 _aDnipro
_bKiev
_c1990
999 _c5010
_d5010